| 000 | 00446cam a2200169 4500 | ||
|---|---|---|---|
| 020 | _a053400203X | ||
| 040 | _cDLC | ||
| 082 | 0 | 0 | _a301 WAD 1972 A089 Or. |
| 100 | 1 | _aMiller, G. Tyler | |
| 245 | 1 | 0 |
_aReplenish the earth; _ba primer in human ecology |
| 260 |
_aBelmont, Calif., _bWadsworth Pub. Co. _c[1972] |
||
| 300 |
_aix, 199 p. _billus. _c22 cm. |
||
| 650 | 0 | _aHuman ecology. | |
| 650 | 0 | _aPollution. | |
| 650 | 0 | _aPopulation. | |
| 942 | _cEK | ||
| 999 |
_c16297 _d16297 |
||